[Event "Pere Noel"]
[Site "Montreal CAN"]
[Date "2010.12.27"]
[Round "2"]
[White "Bolduc, Steve"]
[Black "Zhang, Yuanchen"]
[Result "1/2-1/2"]
[WhiteElo "2288"]
[BlackElo "1838"]
[PlyCount "76"]
[GameId "2160767909833897"]
[EventDate "2010.12.26"]
[EventType "swiss"]
[EventRounds "5"]
[EventCountry "CAN"]
[SourceTitle "EXT 2013"]
[Source "ChessBase"]
[SourceDate "2012.11.22"]
[SourceVersion "1"]
[SourceVersionDate "2012.11.22"]
[SourceQuality "1"]

1. e4 c5 2. c3 Nf6 3. e5 Nd5 4. g3 d6 5. exd6 e6 6. Bg2 Bxd6 7. Nf3 Nc6 8. Na3 O-O 9. O-O a6 10. Nc4 Bc7 11. d3 Rb8 12. Qe2 Qe7 13. Bd2 Re8 14. Rfe1 Bd7 15. Nfe5 Nxe5 16. Nxe5 Bxe5 17. Qxe5 Bc6 18. a3 Qf6 19. c4 Ne7 20. Qxc5 Qxb2 21. Bf4 Rbc8 22. Be5 Qc2 23. Bxc6 Nxc6 24. Red1 Nxe5 25. Qxe5 Red8 26. Rac1 Qb3 27. Rb1 Qxa3 28. Rxb7 Rxd3 29. Rxd3 Qxd3 30. Qc7 Rf8 31. h4 Qd1+ 32. Kg2 h6 33. c5 Qd5+ 34. Kg1 Qd8 35. Qf4 Qd5 36. Qc7 Qd8 37. Qf4 Qd5 38. Qc7 Qd8 1/2-1/2

[Event "Pere Noel"]
[Site "Montreal CAN"]
[Date "2010.12.28"]
[Round "3"]
[White "Zhang, Yuanchen"]
[Black "Girouard, Michel"]
[Result "1/2-1/2"]
[WhiteElo "1838"]
[BlackElo "1852"]
[PlyCount "81"]
[GameId "2160767909833939"]
[EventDate "2010.12.26"]
[EventType "swiss"]
[EventRounds "5"]
[EventCountry "CAN"]
[SourceTitle "EXT 2013"]
[Source "ChessBase"]
[SourceDate "2012.11.22"]
[SourceVersion "1"]
[SourceVersionDate "2012.11.22"]
[SourceQuality "1"]

1. d4 f5 2. e4 fxe4 3. Nc3 Nf6 4. Bg5 g6 5. Bxf6 exf6 6. Nxe4 Bg7 7. Nf3 O-O 8. Be2 Re8 9. Ng3 d5 10. Qd2 Bg4 11. O-O Qd6 12. h3 Bxf3 13. Bxf3 c6 14. Rfe1 Nd7 15. c3 f5 16. Ne2 Re7 17. Qf4 Qf6 18. Ng3 Rae8 19. Re2 Rxe2 20. Nxe2 Qe7 21. Rb1 Nf6 22. Ng3 h5 23. Qd2 Kh7 24. Qe2 Qxe2 25. Nxe2 g5 26. Ng3 Kg6 27. Nf1 g4 28. hxg4 hxg4 29. Bd1 Bh6 30. Bc2 Bf4 31. Bd3 Ne4 32. Re1 Nd6 33. Rxe8 Nxe8 34. Ne3 Bxe3 35. fxe3 Nd6 36. Kf2 Kg5 37. g3 Kf6 38. b3 b5 39. Ke2 Ke6 40. Kd2 Ne4+ 41. Bxe4 1/2-1/2

[Event "Pere Noel"]
[Site "Montreal CAN"]
[Date "2010.12.29"]
[Round "4"]
[White "Dumouchel, Alain"]
[Black "Zhang, Yuanchen"]
[Result "1-0"]
[WhiteElo "2007"]
[BlackElo "1838"]
[PlyCount "77"]
[GameId "2160767909833945"]
[EventDate "2010.12.26"]
[EventType "swiss"]
[EventRounds "5"]
[EventCountry "CAN"]
[SourceTitle "EXT 2013"]
[Source "ChessBase"]
[SourceDate "2012.11.22"]
[SourceVersion "1"]
[SourceVersionDate "2012.11.22"]
[SourceQuality "1"]

1. g3 d5 2. Bg2 e5 3. Nf3 Bd6 4. O-O Nf6 5. c4 c6 6. d4 e4 7. Ne5 Qe7 8. Nc3 Nbd7 9. cxd5 cxd5 10. Bg5 Nb6 11. a4 Qe6 12. a5 Nbd7 13. f4 Qf5 14. Qb3 Bb8 15. Nxd5 Nxd5 16. Qxd5 Bxe5 17. dxe5 Qe6 18. Qxe6+ fxe6 19. Rac1 h6 20. Bh4 Rg8 21. g4 g5 22. fxg5 hxg5 23. Bg3 Ke7 24. Bxe4 Rb8 25. Rc7 b6 26. b4 bxa5 27. bxa5 Rb4 28. Bf3 a6 29. Rfc1 Rb8 30. Kf2 Rf8 31. h4 Bb7 32. hxg5 Bxf3 33. exf3 Rb2+ 34. R1c2 Rb3 35. f4 Rb5 36. Rd2 Rd5 37. Rxd5 exd5 38. f5 Kd8 39. e6 1-0

[Event "Scarborough CC Howard Ridout Swiss U2000"]
[Site "Toronto CAN"]
[Date "2010.09.16"]
[Round "2"]
[White "Maister, Martin"]
[Black "Zhang, Yuanchen"]
[Result "1/2-1/2"]
[WhiteElo "1911"]
[BlackElo "1772"]
[PlyCount "72"]
[GameId "2160767909888889"]
[EventDate "2010.09.09"]
[EventType "swiss"]
[EventRounds "6"]
[EventCountry "CAN"]
[SourceTitle "EXT 2022"]
[Source "ChessBase"]
[SourceDate "2021.10.06"]
[SourceVersion "1"]
[SourceVersionDate "2021.10.06"]
[SourceQuality "1"]

1. Nf3 Nf6 2. c4 e6 3. d4 b6 4. g3 Bb4+ 5. Bd2 Qe7 6. Qc2 Bb7 7. Bg2 O-O 8. a3 Bxd2+ 9. Nbxd2 d5 10. Rc1 Na6 11. O-O c5 12. cxd5 Nxd5 13. dxc5 Nxc5 14. b4 Nd7 15. Nd4 Rac8 16. Qb3 Ne5 17. Ne4 Qd7 18. a4 Rfd8 19. b5 h6 20. Nf3 Nxf3+ 21. Bxf3 Qe7 22. Rfd1 Rc7 23. Rxc7 Qxc7 24. Rd4 Rc8 25. Qa3 Qc1+ 26. Qxc1 Rxc1+ 27. Kg2 e5 28. Rd2 Nc3 29. Nf6+ gxf6 30. Bxb7 Nxa4 31. Rd8+ Kg7 32. Bc6 Nc5 33. Rc8 Ra1 34. Bd5 Ne6 35. Rb8 Ra5 36. Rb7 Kg6 1/2-1/2

[Event "Scarborough CC Howard Ridout Swiss U2000"]
[Site "Toronto CAN"]
[Date "2010.09.30"]
[Round "4"]
[White "Yusuf, Magas"]
[Black "Zhang, Yuanchen"]
[Result "1-0"]
[WhiteElo "1858"]
[BlackElo "1772"]
[PlyCount "61"]
[GameId "2160767909888924"]
[EventDate "2010.09.09"]
[EventType "swiss"]
[EventRounds "6"]
[EventCountry "CAN"]
[SourceTitle "EXT 2022"]
[Source "ChessBase"]
[SourceDate "2021.10.06"]
[SourceVersion "1"]
[SourceVersionDate "2021.10.06"]
[SourceQuality "1"]

1. d4 Nf6 2. c4 e6 3. Nf3 b6 4. Nc3 Bb4 5. Qc2 Bb7 6. a3 Bxc3+ 7. Qxc3 Ne4 8. Qc2 O-O 9. h4 f5 10. Ng5 h6 11. Nxe4 fxe4 12. Be3 Qf6 13. O-O-O d6 14. f3 Qf5 15. g4 Qh7 16. f4 h5 17. Bh3 Nd7 18. gxh5 Nf6 19. Bxe6+ Kh8 20. Rdg1 Rae8 21. f5 Bc8 22. h6 gxh6 23. Bxc8 Rxc8 24. Rg6 Ng8 25. d5 Qf7 26. Bd4+ Kh7 27. Rhg1 Nf6 28. Rxf6 Qxf6 29. Bxf6 Rxf6 30. Qxe4 Rcf8 31. Qg4 1-0

[Event "Hamilton Summer op"]
[Site "Hamilton CAN"]
[Date "2010.08.21"]
[Round "1"]
[White "Kho, Jingle"]
[Black "Zhang, Yuanchen"]
[Result "1-0"]
[WhiteElo "2098"]
[BlackElo "1776"]
[PlyCount "89"]
[GameId "2160767909897497"]
[EventDate "2010.08.21"]
[EventType "swiss"]
[EventRounds "5"]
[EventCountry "CAN"]
[SourceTitle "EXT 2022"]
[Source "ChessBase"]
[SourceDate "2021.10.06"]
[SourceVersion "1"]
[SourceVersionDate "2021.10.06"]
[SourceQuality "1"]

1. Nf3 Nf6 2. b3 e6 3. Bb2 c5 4. c4 Nc6 5. e3 Be7 6. Be2 O-O 7. O-O d5 8. d4 b6 9. Nbd2 Bb7 10. cxd5 exd5 11. Rc1 cxd4 12. Nxd4 Nxd4 13. Bxd4 Ne4 14. Bd3 Rc8 15. Qg4 Bf6 16. Nf3 Bxd4 17. Nxd4 Qg5 18. Qd7 Nc5 19. Qf5 Qxf5 20. Bxf5 Rce8 21. b4 Ne6 22. Nf3 g6 23. Bxe6 fxe6 24. Rc7 Rf7 25. Rfc1 Rxc7 26. Rxc7 Rc8 27. Rxc8+ Bxc8 28. Ne5 Bb7 29. f4 Kf8 30. Kf2 Ke7 31. g4 a6 32. Kg3 Bc8 33. g5 Bd7 34. Ng4 Ba4 35. Nf6 Bd1 36. Kf2 e5 37. Nxd5+ Ke6 38. Nxb6 exf4 39. exf4 Bc2 40. Nc4 Be4 41. a3 Bc6 42. Ne3 Be4 43. Ke1 Bc6 44. Kd2 Ba4 45. Kc3 1-0

[Event "Hamilton Summer op"]
[Site "Hamilton CAN"]
[Date "2010.08.21"]
[Round "2"]
[White "Zhang, Yuanchen"]
[Black "Cormier, Adam"]
[Result "0-1"]
[WhiteElo "1560"]
[BlackElo "1959"]
[PlyCount "136"]
[GameId "2160767909897515"]
[EventDate "2010.08.21"]
[EventType "swiss"]
[EventRounds "5"]
[EventCountry "CAN"]
[SourceTitle "EXT 2022"]
[Source "ChessBase"]
[SourceDate "2021.10.06"]
[SourceVersion "1"]
[SourceVersionDate "2021.10.06"]
[SourceQuality "1"]

1. d4 d5 2. c4 e6 3. Nc3 c6 4. Nf3 Nf6 5. Bg5 h6 6. Bh4 dxc4 7. a4 Bb4 8. e3 b5 9. Be2 Nbd7 10. O-O Qb6 11. Qc2 Bb7 12. b3 cxb3 13. Qxb3 a5 14. Rfc1 Bxc3 15. Rxc3 Nd5 16. Rcc1 b4 17. Nd2 Nc3 18. Bf1 c5 19. dxc5 Nxc5 20. Qc2 O-O 21. Be7 Rfc8 22. Bxc5 Rxc5 23. Nb3 Rg5 24. Nd2 Rc8 25. Qb2 Qc6 26. f3 Qc5 27. Re1 Bc6 28. Qb3 Qd5 29. Qxd5 Rxd5 30. Nc4 Nxa4 31. Rxa4 Bxa4 32. Nb6 Bd7 33. Nxd5 exd5 34. Bd3 Rc3 35. Bb1 b3 36. Kf2 Bb5 37. Rd1 Bc4 38. e4 Kf8 39. exd5 Ke7 40. d6+ Kd7 41. Be4 Be6 42. Ra1 b2 43. Rxa5 Rb3 44. Ra7+ Kxd6 45. Bb1 g6 46. Ra5 Bf5 47. Ra6+ Ke7 48. Ra7+ Kf6 49. Ra6+ Kg7 50. Ba2 b1=Q 51. Bxb1 Rxb1 52. Ra2 h5 53. h4 Rh1 54. Kg3 Rc1 55. Ra6 Kh6 56. Rb6 Rc4 57. Rd6 Be6 58. Rd3 g5 59. hxg5+ Kxg5 60. Rd2 Bf5 61. Rd8 h4+ 62. Kf2 Rc2+ 63. Kg1 Kf4 64. Rh8 Kg3 65. Rg8+ Bg6 66. Kf1 Rxg2 67. f4 Rf2+ 68. Ke1 Rxf4 0-1

[Event "NAYCC U10"]
[Site "Montreal CAN"]
[Date "2010.08.16"]
[Round "1"]
[White "Zhang, Yuanchen"]
[Black "Gariaev, Gleb"]
[Result "1-0"]
[WhiteElo "1414"]
[BlackElo "829"]
[PlyCount "97"]
[GameId "2160767909905848"]
[EventDate "2010.08.16"]
[EventType "swiss"]
[EventRounds "7"]
[EventCountry "CAN"]
[SourceTitle "hb 2010.12"]

1. d4 d5 2. c4 e6 3. Nc3 c5 4. cxd5 exd5 5. dxc5 d4 6. Nb1 Bxc5 7. Qc2 Bb6 8. Nf3 Nc6 9. Bf4 Nge7 10. Nbd2 O-O 11. Nc4 Ba5+ 12. Nxa5 Qxa5+ 13. Bd2 Qd5 14. a3 Bf5 15. Qd1 Qe6 16. Rc1 Ne5 17. Nxe5 Qxe5 18. Qb3 Qd5 19. Qxd5 Nxd5 20. Rc4 Rfd8 21. Rxd4 Nf6 22. Rxd8+ Rxd8 23. f3 Re8 24. e4 Bd7 25. Bd3 Rd8 26. Ke2 a6 27. Rc1 Bb5 28. Bxb5 axb5 29. Rc7 b6 30. Rc6 Nd7 31. Be3 h6 32. Bxb6 Nxb6 33. Rxb6 Kf8 34. Rxb5 Ke7 35. b4 Kd6 36. Rd5+ Kc7 37. Rxd8 Kxd8 38. a4 Kc7 39. Kd3 Kb6 40. Kc4 Ka7 41. Kc5 Ka8 42. Kb6 Kb8 43. a5 Ka8 44. a6 Kb8 45. b5 g6 46. a7+ Ka8 47. Ka6 h5 48. b6 f5 49. b7# 1-0

[Event "NAYCC U10"]
[Site "Montreal CAN"]
[Date "2010.08.16"]
[Round "2"]
[White "Sun, Benjamin"]
[Black "Zhang, Yuanchen"]
[Result "0-1"]
[WhiteElo "1289"]
[BlackElo "1414"]
[PlyCount "74"]
[GameId "2160767909905859"]
[EventDate "2010.08.16"]
[EventType "swiss"]
[EventRounds "7"]
[EventCountry "CAN"]
[SourceTitle "EXT 2013"]
[Source "ChessBase"]
[SourceDate "2012.11.22"]
[SourceVersion "1"]
[SourceVersionDate "2012.11.22"]
[SourceQuality "1"]

1. e4 c5 2. Nf3 e6 3. d4 cxd4 4. Nxd4 Nf6 5. Nc3 Nc6 6. Ndb5 Bb4 7. a3 Bxc3+ 8. Nxc3 d5 9. exd5 exd5 10. Bg5 d4 11. Ne4 Qa5+ 12. b4 Qe5 13. Qe2 Qxe4 14. Bxf6 Qxe2+ 15. Bxe2 gxf6 16. O-O-O Be6 17. Rhe1 O-O-O 18. b5 Ne5 19. f4 Nc4 20. Bxc4 Bxc4 21. a4 d3 22. cxd3 Bb3 23. Rd2 Bxa4 24. Re7 Bxb5 25. Rxf7 Rd6 26. d4 Bc6 27. g3 Bd5 28. Rc2+ Kb8 29. Rfc7 Be4 30. R2c4 Rhd8 31. Rf7 Bd5 32. Rcc7 Bxf7 33. Rxf7 Rxd4 34. Rxf6 Rd1+ 35. Kc2 R1d2+ 36. Kc1 Rxh2 37. Kb1 Rd1# 0-1

[Event "NAYCC U10"]
[Site "Montreal CAN"]
[Date "2010.08.17"]
[Round "3"]
[White "Zhang, Yuanchen"]
[Black "Miyasaka, Matthew"]
[Result "1-0"]
[WhiteElo "1414"]
[BlackElo "1472"]
[PlyCount "47"]
[GameId "2160767909905882"]
[EventDate "2010.08.16"]
[EventType "swiss"]
[EventRounds "7"]
[EventCountry "CAN"]
[SourceTitle "EXT 2013"]
[Source "ChessBase"]
[SourceDate "2012.11.22"]
[SourceVersion "1"]
[SourceVersionDate "2012.11.22"]
[SourceQuality "1"]

1. d4 c5 2. d5 d6 3. c4 e6 4. Nc3 Nf6 5. e4 Be7 6. Nf3 O-O 7. Bd3 Na6 8. a3 Nc7 9. O-O exd5 10. cxd5 a6 11. a4 Bd7 12. a5 Nb5 13. Nd2 Nxc3 14. bxc3 Bb5 15. c4 Bd7 16. Bb2 Bg4 17. Qc2 Bh5 18. h3 Bg6 19. f4 h6 20. e5 Bxd3 21. Qxd3 Nh7 22. Qg3 f6 23. e6 f5 24. Qxg7# 1-0

[Event "NAYCC U10"]
[Site "Montreal CAN"]
[Date "2010.08.17"]
[Round "4"]
[White "Pillai, Kadhir A"]
[Black "Zhang, Yuanchen"]
[Result "1-0"]
[WhiteElo "1952"]
[BlackElo "1414"]
[PlyCount "50"]
[GameId "2160767909905890"]
[EventDate "2010.08.16"]
[EventType "swiss"]
[EventRounds "7"]
[EventCountry "CAN"]
[SourceTitle "EXT 2013"]
[Source "ChessBase"]
[SourceDate "2012.11.22"]
[SourceVersion "1"]
[SourceVersionDate "2012.11.22"]
[SourceQuality "1"]

1. e4 c5 2. Nf3 e6 3. d4 cxd4 4. Nxd4 Nf6 5. Nc3 Nc6 6. Nxc6 bxc6 7. e5 Nd5 8. Nxd5 cxd5 9. Bd3 d6 10. Bf4 dxe5 11. Bxe5 Bd7 12. O-O Qe7 13. Qh5 h6 14. f4 Qc5+ 15. Kh1 Rg8 16. f5 Bd6 17. fxe6 Bxe6 18. Rae1 Bxe5 19. Qxe5 Qc6 20. c4 Kd7 21. Rxf7+ Bxf7 22. Bf5+ Be6 23. Bxe6+ Kd8 24. Bxg8 Qd7 25. Bxd5 Rc8 1-0

[Event "NAYCC U10"]
[Site "Montreal CAN"]
[Date "2010.08.18"]
[Round "5"]
[White "Zhang, Yuanchen"]
[Black "Aghamalian, Derick"]
[Result "1-0"]
[WhiteElo "1414"]
[BlackElo "1373"]
[PlyCount "89"]
[GameId "2160767909905914"]
[EventDate "2010.08.16"]
[EventType "swiss"]
[EventRounds "7"]
[EventCountry "CAN"]
[SourceTitle "EXT 2013"]
[Source "ChessBase"]
[SourceDate "2012.11.22"]
[SourceVersion "1"]
[SourceVersionDate "2012.11.22"]
[SourceQuality "1"]

1. d4 d5 2. c4 e6 3. Nc3 Nf6 4. Bg5 Nbd7 5. e3 c6 6. cxd5 exd5 7. Qc2 Be7 8. Bd3 Qc7 9. Nge2 h6 10. Bh4 Nb6 11. Bg3 Bd6 12. O-O a6 13. Rae1 Be6 14. f3 O-O-O 15. Bxd6 Qxd6 16. e4 Qc7 17. e5 Nfd7 18. f4 Bg4 19. Ng3 g6 20. h3 Be6 21. a4 Rhe8 22. b4 h5 23. a5 Na8 24. Na4 Kb8 25. f5 Nf8 26. fxe6 Rxe6 27. Nc5 Re7 28. Bxa6 Ne6 29. Nxe6 Rxe6 30. Bd3 Kc8 31. Ne2 Qe7 32. Nf4 Qxb4 33. Nxe6 fxe6 34. Qc5 Qxc5 35. dxc5 Rg8 36. Rf7 Nc7 37. Ref1 Kd8 38. Rf8+ Rxf8 39. Rxf8+ Ke7 40. Rf4 Ne8 41. Bxg6 h4 42. Bxe8 Kxe8 43. Rb4 Kf7 44. Rxb7+ Kg6 45. a6 1-0

[Event "NAYCC U10"]
[Site "Montreal CAN"]
[Date "2010.08.18"]
[Round "6"]
[White "Zhang, Yuanchen"]
[Black "Xiong, Jeffery"]
[Result "1/2-1/2"]
[WhiteElo "1414"]
[BlackElo "2137"]
[PlyCount "151"]
[GameId "2160767909905933"]
[EventDate "2010.08.16"]
[EventType "swiss"]
[EventRounds "7"]
[EventCountry "CAN"]
[SourceTitle "EXT 2013"]
[Source "ChessBase"]
[SourceDate "2012.11.22"]
[SourceVersion "1"]
[SourceVersionDate "2012.11.22"]
[SourceQuality "1"]

1. d4 Nf6 2. c4 e6 3. Nc3 Bb4 4. Qc2 O-O 5. Bg5 d5 6. e3 h6 7. Bh4 c5 8. cxd5 cxd4 9. exd4 exd5 10. Bd3 Nc6 11. Nge2 Be6 12. O-O Bd6 13. Bg3 Bxg3 14. hxg3 Nb4 15. Qd2 Nxd3 16. Qxd3 Qd7 17. Rac1 a6 18. a3 Bf5 19. Qd2 Ne4 20. Nxe4 dxe4 21. Qe3 Rad8 22. Rfd1 Bg4 23. Rd2 Bxe2 24. Qxe2 Rfe8 25. Qe3 Re7 26. Rc3 Qd6 27. Rc1 Kh8 28. Rcc2 f5 29. Rc5 Rf7 30. Rc1 Qf6 31. Rcd1 Rfd7 32. Qc3 Rd5 33. Qe3 b5 34. b4 Qc6 35. Re2 Qc4 36. Red2 Re8 37. Qe2 Qxe2 38. Rxe2 Rc8 39. f3 Rc3 40. fxe4 fxe4 41. Rxe4 Rxg3 42. Re5 Rd6 43. d5 Rxa3 44. Re6 Rd7 45. d6 Kg8 46. Re7 Rxe7 47. dxe7 Kf7 48. Re1 Ke8 49. Re6 Ra4 50. Rg6 Rxb4 51. Rxa6 Kxe7 52. Rb6 Rb2 53. Rg6 Kf7 54. Rb6 b4 55. Kh2 b3 56. Kg3 Rb1 57. Kf2 b2 58. g4 Ke7 59. Rb3 Kf6 60. Kg2 Kg5 61. Rb4 Ra1 62. Rxb2 Kxg4 63. Rb4+ Kh5 64. Rb2 g5 65. Rb5 Kh4 66. Rb4+ g4 67. Rb2 h5 68. Rc2 Ra4 69. Rc3 Ra2+ 70. Kg1 g3 71. Rc4+ Kh3 72. Rc1 h4 73. Rd1 Ra3 74. Rc1 g2 75. Rb1 Kg3 76. Rb3+ 1/2-1/2

[Event "NAYCC U10"]
[Site "Montreal CAN"]
[Date "2010.08.19"]
[Round "7"]
[White "Lu, Albert"]
[Black "Zhang, Yuanchen"]
[Result "1-0"]
[WhiteElo "1849"]
[BlackElo "1414"]
[PlyCount "145"]
[GameId "2160767909905936"]
[EventDate "2010.08.16"]
[EventType "swiss"]
[EventRounds "7"]
[EventCountry "CAN"]
[SourceTitle "EXT 2013"]
[Source "ChessBase"]
[SourceDate "2012.11.22"]
[SourceVersion "1"]
[SourceVersionDate "2012.11.22"]
[SourceQuality "1"]

1. e4 c5 2. Nf3 e6 3. c3 Nf6 4. e5 Nd5 5. d4 cxd4 6. cxd4 d6 7. Bc4 Nb6 8. Bb3 Nc6 9. O-O Bd7 10. Re1 d5 11. Nc3 a6 12. Bg5 Be7 13. Bxe7 Qxe7 14. Na4 Nxa4 15. Bxa4 b5 16. Bb3 Na5 17. Bc2 O-O 18. b3 Nc6 19. h4 h6 20. Qd3 f5 21. exf6 gxf6 22. Re3 Nb4 23. Qd2 Nxc2 24. Qxc2 Rac8 25. Qe2 Qg7 26. Nh2 Kf7 27. Rg3 Qh7 28. Ng4 h5 29. Ne3 Rc3 30. Re1 Rg8 31. Rxg8 Kxg8 32. Qb2 Rc6 33. Qa3 Kf7 34. Nxd5 Qg7 35. Re3 Qf8 36. Qxf8+ Kxf8 37. Nxf6 Be8 38. Nxe8 Kxe8 39. d5 Rc2 40. Rxe6+ Kf7 41. Rxa6 Rd2 42. d6 Ke6 43. Rb6 Rd5 44. g3 Kd7 45. Kg2 Ke6 46. Kf3 Rf5+ 47. Kg2 Rd5 48. Kh3 Rc5 49. g4 Rc3+ 50. Kg2 hxg4 51. Rxb5 Rh3 52. Rb6 Rxh4 53. Kg3 Rh6 54. Kxg4 Rg6+ 55. Kf3 Rf6+ 56. Ke3 Rf5 57. f4 Rh5 58. Ke4 Rh1 59. f5+ Kd7 60. Ke5 Re1+ 61. Kf6 Rh1 62. Kg7 Rg1+ 63. Kf7 Rh1 64. f6 Rh7+ 65. Kg8 Rh2 66. f7 Rg2+ 67. Kf8 Rxa2 68. Rb5 Kxd6 69. Kg7 Ra7 70. Kg8 Kc6 71. Rf5 Ra8+ 72. f8=Q Rxf8+ 73. Kxf8 1-0

[Event "CYCC U10"]
[Site "Windsor CAN"]
[Date "2010.07.06"]
[Round "1"]
[White "McCullough, Ian"]
[Black "Zhang, Yuanchen"]
[Result "0-1"]
[WhiteElo "1090"]
[BlackElo "1780"]
[PlyCount "90"]
[GameId "2160767909915655"]
[EventDate "2010.07.06"]
[EventType "swiss"]
[EventRounds "7"]
[EventCountry "CAN"]
[SourceTitle "hb 2010.09"]

1. d4 Nf6 2. c4 e6 3. Nc3 Bb4 4. Bg5 b6 5. Nf3 h6 6. Bh4 g5 7. Bg3 Ne4 8. Qd3 f5 9. Be5 Rg8 10. e3 d6 11. Bg3 Bb7 12. Be2 Nd7 13. O-O Bxc3 14. bxc3 h5 15. d5 e5 16. h3 Ndc5 17. Qc2 h4 18. Bh2 Qe7 19. Bd3 O-O-O 20. Bxe4 Nxe4 21. Rab1 Rdf8 22. Rb3 Nc5 23. Ra3 Kb8 24. Nd2 g4 25. hxg4 fxg4 26. Nb3 g3 27. Nxc5 gxh2+ 28. Kh1 dxc5 29. Ra4 Qg5 30. Qe4 Qg4 31. Qxg4 Rxg4 32. f3 Rg3 33. Kxh2 e4 34. Ra3 exf3 35. gxf3 Rfxf3 36. Rxf3 Rxf3 37. e4 Re3 38. d6 cxd6 39. e5 dxe5 40. Rxa7 Kxa7 41. a4 Bc8 42. a5 Re2+ 43. Kh1 Bb7+ 44. Kg1 Rg2+ 45. Kf1 h3 0-1

[Event "CYCC U10"]
[Site "Windsor CAN"]
[Date "2010.07.06"]
[Round "2"]
[White "Zhang, Yuanchen"]
[Black "Zhang, Jeff"]
[Result "1-0"]
[WhiteElo "1780"]
[BlackElo "1312"]
[PlyCount "101"]
[GameId "2160767909915669"]
[EventDate "2010.07.06"]
[EventType "swiss"]
[EventRounds "7"]
[EventCountry "CAN"]
[SourceTitle "hb 2010.09"]

1. d4 d5 2. c4 e6 3. Nc3 Nf6 4. Bg5 Bb4 5. Qc2 O-O 6. e3 Nc6 7. cxd5 exd5 8. Bd3 g6 9. Nge2 Qd6 10. O-O Ng4 11. Bf4 Qd7 12. h3 Nf6 13. a3 Bd6 14. Bxd6 Qxd6 15. b4 Be6 16. Rfc1 Qd7 17. Na4 b6 18. Bb5 Bxh3 19. Bxc6 Qg4 20. Nf4 Bxg2 21. Nxg2 Rad8 22. Qd1 Qg5 23. Qf3 Rd6 24. Qf4 Qh5 25. Qh2 Qf5 26. Bb5 Ne4 27. Qf4 Qh5 28. Qh4 Qf5 29. f4 Nd2 30. Qf2 Nb3 31. Rab1 Nxc1 32. Rxc1 Rc8 33. Ba6 Ra8 34. Qe2 Qd7 35. Bb5 c6 36. Bd3 b5 37. Nc5 Qc7 38. Qc2 a5 39. Qb2 axb4 40. axb4 Re8 41. Ra1 Rdd8 42. Ra2 Ra8 43. Qa1 Rxa2 44. Qxa2 Qc8 45. Qa5 Qg4 46. Qa1 Rxe3 47. Qf1 Rf3 48. Qe2 Rxf4 49. Qe8+ Kg7 50. Qe5+ f6 51. Qxf4 1-0

[Event "CYCC U10"]
[Site "Windsor CAN"]
[Date "2010.07.07"]
[Round "3"]
[White "Gugel, Brett"]
[Black "Zhang, Yuanchen"]
[Result "0-1"]
[WhiteElo "1408"]
[BlackElo "1780"]
[PlyCount "64"]
[GameId "2160767909915673"]
[EventDate "2010.07.06"]
[EventType "swiss"]
[EventRounds "7"]
[EventCountry "CAN"]
[SourceTitle "hb 2010.09"]

1. e4 c5 2. Nf3 e6 3. d4 cxd4 4. Nxd4 Nf6 5. Nc3 Nc6 6. Ndb5 Bb4 7. a3 Bxc3+ 8. Nxc3 d5 9. exd5 exd5 10. Bg5 d4 11. Ne4 Qa5+ 12. Bd2 Qe5 13. f3 Nxe4 14. fxe4 Qxe4+ 15. Be2 Qh4+ 16. g3 Qh3 17. Bf1 Qe6+ 18. Be2 O-O 19. O-O Qd5 20. c4 dxc3 21. Bxc3 Qc5+ 22. Kh1 Be6 23. Bd3 Bd5+ 24. Rf3 Bxf3+ 25. Qxf3 f5 26. Qh5 Qd5+ 27. Kg1 Qxd3 28. Qg5 Qd7 29. Re1 Rae8 30. Rxe8 Rxe8 31. Kg2 Re2+ 32. Kh3 f4+ 0-1

[Event "CYCC U10"]
[Site "Windsor CAN"]
[Date "2010.07.07"]
[Round "4"]
[White "Zhang, Yuanchen"]
[Black "Kassam, Jamil"]
[Result "1-0"]
[WhiteElo "1780"]
[BlackElo "1786"]
[PlyCount "99"]
[GameId "2160767909915688"]
[EventDate "2010.07.06"]
[EventType "swiss"]
[EventRounds "7"]
[EventCountry "CAN"]
[SourceTitle "hb 2010.09"]

1. d4 d5 2. c4 e6 3. Nc3 c6 4. cxd5 exd5 5. Qc2 Nf6 6. Bg5 Be7 7. e3 h6 8. Bh4 Be6 9. Bd3 Nbd7 10. Nge2 Nb6 11. O-O O-O 12. f3 c5 13. Bf2 Qd7 14. Qd2 Rac8 15. Rac1 c4 16. Bc2 Rfd8 17. Rcd1 Bf5 18. Ng3 Bxc2 19. Qxc2 Qc6 20. Rfe1 Re8 21. Rc1 Bb4 22. Re2 Rc7 23. Ree1 a6 24. Rb1 g6 25. Rbc1 Kg7 26. Rb1 a5 27. Rbc1 Rcc8 28. Re2 Re7 29. Rce1 Rce8 30. Rc1 Rc8 31. Rce1 Rce8 32. Rc1 Nbd7 33. Rce1 b5 34. a3 Bd6 35. Na2 b4 36. axb4 axb4 37. b3 Nb6 38. Rc1 Rc8 39. Be1 Qb5 40. Qd2 cxb3 41. Rxc8 Nxc8 42. Nxb4 Bxb4 43. Qxb4 Rb7 44. Qxb5 Rxb5 45. Rb2 Nd6 46. Ne2 Nc4 47. Rb1 b2 48. Nc3 Rb3 49. Nd1 Nxe3 50. Rxb2 1-0

[Event "CYCC U10"]
[Site "Windsor CAN"]
[Date "2010.07.08"]
[Round "5"]
[White "Cao, Jason"]
[Black "Zhang, Yuanchen"]
[Result "1/2-1/2"]
[WhiteElo "1398"]
[BlackElo "1780"]
[PlyCount "68"]
[GameId "2160767909915691"]
[EventDate "2010.07.06"]
[EventType "swiss"]
[EventRounds "7"]
[EventCountry "CAN"]
[SourceTitle "hb 2010.09"]

1. d4 Nf6 2. c4 e6 3. Nc3 Bb4 4. e3 b6 5. Bd3 O-O 6. Nge2 Bb7 7. O-O d5 8. a3 Bxc3 9. Nxc3 Nbd7 10. b3 c5 11. Ne2 Rc8 12. Bb2 Qe7 13. Rc1 Rfd8 14. cxd5 Bxd5 15. f3 Bb7 16. Qe1 cxd4 17. Nxd4 Ne5 18. Bb1 Ba6 19. Rf2 Rxc1 20. Qxc1 Rc8 21. Rc2 Rxc2 22. Qxc2 Bd3 23. Qc8+ Qe8 24. Qxe8+ Nxe8 25. Bxd3 Nxd3 26. Bc3 Nc5 27. b4 Nd7 28. Kf2 Kf8 29. e4 Nd6 30. Ke2 g6 31. a4 a6 32. e5 Nb7 33. f4 Ke8 34. Nc6 Nd8 1/2-1/2

[Event "CYCC U10"]
[Site "Windsor CAN"]
[Date "2010.07.08"]
[Round "6"]
[White "Zhang, Yuanchen"]
[Black "Zotkin, Daniel"]
[Result "0-1"]
[WhiteElo "1780"]
[BlackElo "1504"]
[PlyCount "134"]
[GameId "2160767909915709"]
[EventDate "2010.07.06"]
[EventType "swiss"]
[EventRounds "7"]
[EventCountry "CAN"]
[SourceTitle "hb 2010.09"]

1. d4 d5 2. c4 e6 3. Nc3 Nf6 4. Bg5 Nbd7 5. e3 Be7 6. Qc2 O-O 7. cxd5 exd5 8. Bd3 h6 9. Bh4 b6 10. Nge2 Bb7 11. O-O c5 12. Rac1 Rc8 13. Qd2 Re8 14. Rfd1 c4 15. Bc2 Qc7 16. Bg3 Qd8 17. h3 a6 18. a3 b5 19. Na2 a5 20. a4 b4 21. b3 c3 22. Qe1 Ba6 23. f3 Nh5 24. Bf2 Bg5 25. Bd3 c2 26. Rd2 Rxe3 27. Bxa6 Rxb3 28. Bxc8 Bxd2 29. Qxd2 Qxc8 30. Qxc2 Qxc2 31. Rxc2 Rb1+ 32. Nac1 b3 33. Rc3 b2 34. Be1 Ra1 35. Rb3 b1=Q 36. Rxb1 Rxb1 37. Bxa5 Ra1 38. Kf2 Rxa4 39. Bc3 Nb6 40. Ke3 Nc4+ 41. Kd3 Ra6 42. g4 Nf6 43. Nf4 Rc6 44. Nb3 g5 45. Ne2 Re6 46. Bd2 Nxd2 47. Nxd2 h5 48. Nb3 hxg4 49. hxg4 Rb6 50. Nc5 Kg7 51. Nc3 Kg6 52. N3a4 Rd6 53. Nc3 Nd7 54. Nb5 Nxc5+ 55. dxc5 Rd8 56. c6 f5 57. c7 Rf8 58. Kd4 fxg4 59. fxg4 Kf6 60. Kxd5 Ke7 61. Kc6 Ke6 62. Nd4+ Ke7 63. Nf5+ Ke6 64. Nd4+ Ke5 65. Nf5 Kf4 66. Nh6 Rh8 67. Kd7 Rh7+ 0-1